| 000 | 01960ncm a2200409 c 4500 | ||
|---|---|---|---|
| 999 |
_c350152 _d350152 |
||
| 003 | BLK | ||
| 005 | 20200612134412.0 | ||
| 008 | 180414b bul |a|er|||| |0| c|bulo| | ||
| 040 | _aBLK | ||
| 041 |
_aBUL _cBUL |
||
| 080 |
_aМузика за духови инструменти _b788 _z788 |
||
| 139 |
_aАнсамблови пиеси за медни духови инструменти от стари майстори _bА 73 |
||
| 245 | 1 | 0 |
_aАнсамблови пиеси за медни духови инструменти от стари майстори _bХІV - ХVІІ век _cсъстав. и прераб. Стоян Караиванов _n |
| 257 | _aBGR | ||
| 260 |
_bМузика _c1985 _9209430 _aСофия |
||
| 300 |
_a86 с. _c33 см |
||
| 380 | _a7 | ||
| 505 |
_rНеизвестен _tДве дуа за еднородни инструменти |
||
| 505 |
_rОрландо ди Ласо _tФантазии |
||
| 505 |
_rГиийом де Машо _tОкет |
||
| 505 |
_rДжон Данстейбъл _tДекламационен мотет |
||
| 505 |
_rАндреа Габриели _tРичеркар |
||
| 505 |
_rПаул Пойрл _tСюита |
||
| 505 |
_rМихаел Преториус _tПартита |
||
| 505 |
_rАдриано Банкиери _tДве инструментални пиеси |
||
| 505 |
_rТомас Щолтцер _tМелодия |
||
| 505 |
_rДжовани Пиерлуиджи да Палестрина _tМадригал |
||
| 505 |
_rВалентин Хаусман _tПасамеца с вариации |
||
| 505 |
_rСамуел Шайт _tКанцона |
||
| 650 | 4 |
_aКамерна музика _9296115 |
|
| 653 | _aкамерни ансамбли | ||
| 653 | _aдухови инструменти | ||
| 653 | 0 |
_aмедни инструменти _9403051 |
|
| 700 |
_9389125 _aКараиванов, Стоян _eсъстав. |
||
| 852 |
_aЦб М II 9966 _c788/A 73 _bЦб |
||
| 856 | 4 |
_qpdf _u |
|
| 856 | 4 |
_qpdf _u |
|
| 942 |
_cNOT _n0 _s1 |
||
| 944 |
_aCR _c2020-03-31 _kК.Д. |
||